Integrating Technology for Meaningful Learning (Record no. 33333)

MARC details
000 -LEADER
fixed length control field 00480nam a22001937a 4500
005 - DATE AND TIME OF LATEST TRANSACTION
control field 20231006113458.0
008 - FIXED-LENGTH DATA ELEMENTS--GENERAL INFORMATION
fixed length control field 230830b |||||||| |||| 00| 0 eng d
020 ## - INTERNATIONAL STANDARD BOOK NUMBER
ISBN 9780618637010
082 ## - DEWEY DECIMAL CLASSIFICATION NUMBER
Classification number 371.334
Item number GRA
100 ## - MAIN ENTRY--AUTHOR
Author Name Grabe,Mark
245 ## - TITLE STATEMENT
Title Integrating Technology for Meaningful Learning
250 ## - EDITION STATEMENT
Edition statement 5th ed.
260 ## - PUBLICATION, DISTRIBUTION, ETC.
Place of Publication USA
Name of publisher, distributor, etc. Houghton Mifflin
Date of publication, distribution, etc. 2001
300 ## - PHYSICAL DESCRIPTION
Pages 431
500 ## - GENERAL NOTE
General note Include Index.
650 ## - SUBJECT ADDED ENTRY--TOPICAL TERM
Subject / Department Engineering
700 ## - ADDED ENTRY--PERSONAL NAME
Personal name Mark Grabe
952 ## - LOCATION AND ITEM INFORMATION (KOHA)
-- 0
-- 0
Holdings
Lost status Damaged status Collection code Permanent Location Current Location Shelving Location Date acquired Full Call Number Accession No./Barcode Date last seen item type
    Engineering Superior Information Resource Center (SIRC) Superior University- Main Campus Superior Information Resource Center (SIRC) Superior University- Main Campus Engineering 08/30/2023 371.334 GRA-I 2001 20277 08/30/2023 BOOK

Powered by Koha